Sanat - "Luotan tulevaan" - Kuumaa - Statistics

Yleistilastot
  • Tätä visaa on pelattu 350 kertaa
  • Keskiarvotulos 122 / 150
Vastaustilastot
Vastaus % Oikein
99%
99%
luotan
98%
tulevaan
98%
oo
95%
mut
92%
tänään
92%
ei
90%
ollut
90%
Oon
90%
surullinen
90%
mutta
89%
tosi
88%
niin
86%
pimeys
85%
se
85%
vaik
85%
lopullinen
84%
satuttaa
83%
koittaakin
82%
ne
79%
toivon
79%
kotiin
76%
näin
76%
kun
75%
sai
75%
tuli
75%
vielä
75%
kaikilta
73%
pilkku
73%
sataset
73%
sillalta
73%
tarjoilija
73%
tilata
73%
viime
73%
pojan
72%
kävelylle
71%
loppuillasta
71%
soitti
71%
joku
70%
lähin
70%
tingassa
70%
vuosiin
70%
kääntyvän
69%
kertaa
69%
on
69%
sille
69%
ekaa
68%
joo
67%
kulmabaarista
67%
kuulin
67%
suuteli
67%
ikkunasta
66%
Helsinkiin
65%
jutun
65%
kaupunki
65%
koko
65%
kukkii
65%
lehdestä
65%
luin
65%
pitkän
65%
puita
65%
istutettu
64%
laulua
64%
Naapurit
64%
pari
64%
nyt
63%
jäin
62%
juhlista
62%
katselen
62%
vuotta
62%
kattomaan
60%
kaupungin
60%
lamppuja
60%
syttyy
60%
luovuttaa
59%
melkein
58%
meinasin
56%
Hetken
54%
siin
29%
Ehtoja vastaavia visoja ei löytynyt
Tulosjakauma
Jokaisen tuloksen saaneiden osuus
Persentiili vastausten määrän mukaan
Tuloshistoriasi
Et ole pelannut tätä visaa